Pokémon - Les attaques de Sylveroy Cavalier du Froid - Statistiques

Statistiques générales
  • Ce quiz a été pris 12 fois
  • Le résultat moyen est 15 sur 30
Statistiques - réponses
Niveaux Types Noms des attaques % Correct
Départ Normal Charge
86%
Niveau 80 Plante Lance-Soleil
86%
Niveau 56 Psy Psyko
86%
Niveau 64 Plante Vampigraine
86%
Départ Glace Chute Glace
71%
Départ Glace Lance de Glace
71%
Départ Plante Méga-Sangsue
71%
Niveau 88 Psy Prescience
71%
Départ Normal Bélier
57%
Départ Psy Choc Mental
57%
Niveau 24 Psy Choc Psy
57%
Départ Normal Damoclès
57%
Niveau 8 Eau Fontaine de Vie
57%
Départ Combat Double Pied
57%
Départ Normal Écrasement
57%
Niveau 16 Plante Giga-Sangsue
57%
Niveau 40 Plante Aromathérapie
43%
Niveau 48 Plante Éco-Sphère
43%
Départ Normal Mania
43%
Départ Normal Mimi-Queue
43%
Niveau 78 Psy Vibra Soin
43%
Départ Glace Avalanche
29%
Départ Glace Brume
29%
Départ Normal Croissance
29%
Départ Normal Écras'Face
29%
Départ Acier Mur de Fer
29%
Départ Ténèbres Provoc
14%
Niveau 32 Normal Coup d'Main
0%
Départ Normal Danse Lames
0%
Départ Ténèbres Tourmente
0%
Aucun quiz correspondant
Distribution des résultats
% des personnes avec chaque résultat
Percentile par nombre de réponses
Votre historique - résultats
Vous n’avez pas pris ce quiz